|
000
|
01118nam0 2200277 45
|
|
001
|
012014000000
|
|
005
|
20140528121212.0
|
|
010
|
|
@a978-7-5113-4257-7@dCNY29.80
|
|
100
|
|
@a20140528d2014 em y0chiy50 ea
|
|
101
|
0
|
@achi
|
|
102
|
|
@aCN@b110000
|
|
105
|
|
@ay z 000yy
|
|
106
|
|
@ar
|
|
200
|
1
|
@a克制力@Ake zhi li@e最深沉的智慧 最伟大的力量@f施琰博, 李建国著
|
|
210
|
|
@a北京@c中国华侨出版社@d2014
|
|
215
|
|
@a239页@d24cm
|
|
314
|
|
@a施琰博,现为东方华智教育集团和多家企业机构负责人,业内最年轻、最受尊敬的培训讲师之一。《收钱为王销售系统》创始人。
|
|
314
|
|
@a李建国,现为众恩文化传播有限公司、意大MONEA服饰中国区等多家企业机构负责人,同时还担任全国职场精英培训机构的培训师。
|
|
330
|
|
@a本书从不同角度深刻剖析了克制力的重要意义,并讲授了提升克制力的有效训练方法。
|
|
517
|
1
|
@a最深沉的智慧 最伟大的力量@Azui shen chen de zhi hui zui wei da de li liang
|
|
606
|
0
|
@a成功心理学@Acheng gong xin li xue@j通俗读物
|
|
690
|
|
@aB848.4@v5
|
|
701
|
0
|
@a施琰博@Ashi yan bo@4著
|
|
701
|
0
|
@a李建国@Ali jian guo@4著
|
|
801
|
0
|
@aCN@bCDNYKJZYXY@c20140528
|
|
905
|
|
@aCDNYKJZYXY@dB848.4@e461@f3
|
|
|
|
|
| |
| 克制力:最深沉的智慧 最伟大的力量/施琰博, 李建国著.-北京:中国华侨出版社,2014 |
| 239页;24cm |
| |
| |
| ISBN 978-7-5113-4257-7:CNY29.80 |
| 本书从不同角度深刻剖析了克制力的重要意义,并讲授了提升克制力的有效训练方法。 |
| ● |
正题名:克制力
索取号:B848.4/461
 
预约/预借
| 序号
|
登录号
|
条形码
|
馆藏地/架位号
|
状态
|
备注
|
|
1
|
461663
|
300461663
|
海科密-1楼/16架4列6层/
[索取号:B848.4/461]
|
在馆
|
|
|
2
|
461664
|
300461664
|
海科密-1楼/16架4列6层/
[索取号:B848.4/461]
|
在馆
|
|
|
3
|
461665
|
300461665
|
海科密-1楼/2架10列4层/
[索取号:B848.4/461]
|
在馆
|
|